Invencia pre violu (1994-1995)

Bibliographic Details
Main Author: Steinecker, Anton, 1971- (Composer)
Format: Musical Score Book
Language:Slovak
PhysicalDescription:1 partitúra (8 s.) 30 cm
Published: Bratislava Hudobný fond 2010
Edition:1. vyd.
Series:Musica slovaca
Subjects:

MARC

LEADER 00000ncm a2200000 a 4500
001 vtls010270960
003 SK-MaSNL
005 20260331205436.0
007 qu
008 110413s2010 xo zzg f u slo
015 |a SNBH2014 
024 2 |a 9790685000662 (brož.) 
028 3 1 |a HF 1792  |b Hudobný fond 
040 |a SNK  |b slo  |c SNK  |e AACR2 
041 0 |a slo 
044 |a xo  |c SK 
048 |a sb01 
072 7 |a 787  |x Hudba pre strunové a sláčikové nástroje  |2 konspekt 
080 |a 785.7  |2 2001 
080 |a 787.2.083  |2 2001 
080 |a 78.089.6  |2 2001 
084 |a 1.1.1  |2 snlmc 
100 1 |a Steinecker, Anton,  |d 1971-  |4 cmp  |9 100412 
245 1 0 |a Invencia pre violu (1994-1995)  |h hudobnina  |c Anton Steinecker 
246 1 1 |a Invention fűr Bratsche (1994-1995) 
250 |a 1. vyd. 
254 |a Partitúra, reprodukcia rukopisu autora 
260 |a Bratislava  |b Hudobný fond  |c 2010 
300 |a 1 partitúra (8 s.)  |c 30 cm 
366 |e 500 výt. 
490 1 |a Musica slovaca 
500 |a In memoriam Tadeáš Salva 
650 0 7 |a komorná hudba  |2 SNKPH  |9 3431 
650 0 7 |a drobné skladby (viola)  |2 SNKPH  |9 327559 
650 0 7 |a Chamber music  |2 SNKPHeng  |9 318202 
650 0 7 |a Small music pieces (viola)  |2 SNKPHeng  |9 327560 
655 7 |a partitúry pre sólový nástroj  |2 SNKPH  |9 70508 
655 7 |a Scores for solo instrument  |2 SNKPHeng  |9 285315 
700 1 |a Salva, Tadeáš,  |d 1937-1995  |4 hnr  |9 110254 
830 0 |a Musica slovaca  |9 317889 
919 |a 979-0-68500-066-2 
924 |a viola 
999 |c 577112  |d 579042 
952 |a SNK  |b SNK  |y PREZ  |7 0  |p 17A0696617  |o snkHSB 4399  |i snk2011/8628  |8 0  |0 0  |1 0  |4 0  |d 2011-04-13  |l 0  |r 2026-02-23 14:37:21  |w 2026-02-23 
952 |a SNK  |b SNK  |y VYP  |7 0  |p 17A0696618  |o snkHSB 4399 D1  |i snk2011/8629  |8 0  |0 0  |1 0  |4 0  |d 2011-04-13  |l 0  |r 2026-02-23 14:37:21  |w 2026-02-23